| 000 | 00518nam a2200193Ia 4500 | ||
|---|---|---|---|
| 003 | OSt | ||
| 005 | 20221007083054.0 | ||
| 006 | a|||||r|||| 00| 0 | ||
| 007 | ta | ||
| 008 | 221006b |||||||| |||| 00| 0 eng d | ||
| 024 | _a22,791 | ||
| 037 | _cDissertations | ||
| 040 |
_aFLL _cFLL _beng |
||
| 041 |
_2eng _aeng |
||
| 100 |
_aEapen Alice _9700250 |
||
| 245 | 0 | _aThe treaty powers in the federations of the U.S.A. Canada, Australia & India | |
| 942 |
_cDIS _2CC |
||
| 999 |
_c1168715 _d1168715 |
||